[Event "Wch U18 Girls"]
[Site "Montevideo"]
[Date "2017.09.26"]
[Round "11"]
[White "Montufar Berrios, Lesly Viviane"]
[Black "Cosme Contreras, Trilce"]
[Result "1-0"]
[WhiteElo "1898"]
[BlackElo "1872"]
[PlyCount "101"]
[EventDate "2017.09.17"]
[EventType "swiss"]
[EventRounds "11"]
[EventCountry "URU"]
[SourceTitle "EXT 2018"]
[Source "ChessBase"]
[SourceDate "2017.10.13"]
[SourceVersion "1"]
[SourceVersionDate "2017.10.13"]
[SourceQuality "1"]

1. e4 c5 2. Nf3 d6 3. d4 cxd4 4. Nxd4 Nf6 5. Nc3 a6 6. h3 e6 7. g4 b5 8. Bg2 Nfd7 9. 0-0 Bb7 10. f4 b4 11. Nce2 Be7 12. c4 0-0 13. b3 Nc5 14. Ng3 Bh4 15. Nde2 Nc6 16. Be3 Qe7 17. Qd2 Rad8 18. Rad1 h6 19. Kh2 a5 20. f5 Ne5 21. Nh5 exf5 22. gxf5 Ned7 23. Qxd6 Qxd6+ 24. Rxd6 Nxe4 25. Bxe4 Bxe4 26. Rg1 g6 27. Bxh6 Rfe8 28. Bg5 Bxg5 29. Rxg5 Bxf5 30. Nd4 Ne5 31. Nf6+ Kf8 32. Nxe8 Kxe8 33. Rxd8+ Kxd8 34. Rg2 Be4 35. Re2 f5 36. Kg3 Kc7 37. Kf4 Nf7 38. h4 Kd6 39. Rd2 Ke7 40. Nf3 Kf6 41. Ng5 Nxg5 42. hxg5+ Ke6 43. Re2 Kd6 44. Rxe4 fxe4 45. Kxe4 Ke6 46. c5 Kd7 47. Kd5 Kc7 48. c6 Kc8 49. Kc5 Kc7 50. Kb5 Kb8 51. Kxa5 1-0

[Event "Wch U18 Girls"]
[Site "Montevideo"]
[Date "2017.09.25"]
[Round "10"]
[White "Schloffer, Jasmin Denise"]
[Black "Montufar Berrios, Lesly Viviane"]
[Result "1/2-1/2"]
[WhiteElo "1993"]
[BlackElo "1898"]
[PlyCount "58"]
[EventDate "2017.09.17"]
[EventType "swiss"]
[EventRounds "11"]
[EventCountry "URU"]
[SourceTitle "EXT 2018"]
[Source "ChessBase"]
[SourceDate "2017.10.13"]
[SourceVersion "1"]
[SourceVersionDate "2017.10.13"]
[SourceQuality "1"]

1. d4 Nf6 2. c4 g6 3. Nc3 Bg7 4. e4 d6 5. Nf3 0-0 6. h3 e5 7. d5 a5 8. Be3 Na6 9. g4 Nc5 10. Qc2 Ne8 11. g5 f5 12. gxf6 Nxf6 13. Nd2 Nh5 14. 0-0-0 Nf4 15. Kb1 Qh4 16. Nb5 Rf7 17. Ka1 b6 18. Re1 Na6 19. Qc3 Bd7 20. Be2 Ng2 21. Nf3 Rxf3 22. Bxf3 Nxe1 23. Qxe1 Rf8 24. Qe2 Bh6 25. Bxh6 Qxh6 26. Bg4 Bxb5 27. cxb5 Nc5 28. Rg1 Qf4 29. f3 Kg7 1/2-1/2

[Event "Florianopolis op 3rd"]
[Site "Florianopolis"]
[Date "2017.01.25"]
[Round "9"]
[White "Trott, Natan Correa"]
[Black "Montufar Berrios, Lesly Viviane"]
[Result "1-0"]
[WhiteElo "1792"]
[BlackElo "1943"]
[PlyCount "119"]
[EventDate "2017.01.20"]
[EventType "swiss"]
[EventRounds "10"]
[EventCountry "BRA"]
[SourceTitle "CBM 176 Extra"]
[Source "ChessBase"]
[SourceDate "2017.03.02"]
[SourceVersion "1"]
[SourceVersionDate "2017.03.02"]
[SourceQuality "1"]

1. e4 c5 2. Nc3 Nc6 3. Bb5 d6 4. Bxc6+ bxc6 5. f4 g6 6. Nf3 Bg7 7. d3 e6 8. 0-0 Ne7 9. Qe1 0-0 10. Qh4 d5 11. e5 Nf5 12. Qf2 c4 13. dxc4 Ba6 14. b3 dxc4 15. Rd1 Qb6 16. Ba3 Qxf2+ 17. Kxf2 Rfd8 18. Ne4 cxb3 19. axb3 Rd5 20. g4 Nh6 21. h3 Bb7 22. Be7 a5 23. c4 Rxd1 24. Rxd1 Bf8 25. Rd7 Bxe7 26. Rxe7 Ba6 27. Nd6 Rb8 28. Ra7 Bc8 29. Rc7 Ba6 30. Rxc6 Ra8 31. Rc7 Kf8 32. Ng5 Kg8 33. Ngxf7 Nxf7 34. Rxf7 Bxc4 35. bxc4 a4 36. Rb7 a3 37. Rb1 a2 38. Ra1 Ra3 39. Kg2 Kf8 40. c5 Ke7 41. c6 Kd8 42. c7+ Kxc7 43. Nb5+ Kc6 44. Nxa3 Kd5 45. Kf3 Kd4 46. Rxa2 h5 47. Rc2 h4 48. Nb5+ Kd3 49. Rc3+ Kd2 50. Ke4 Ke2 51. Nd4+ Kd2 52. Rc2+ Kd1 53. Kd3 g5 54. Nb3 Ke1 55. fxg5 Kf1 56. Ke3 Kg1 57. Nd4 Kf1 58. Re2 Kg1 59. Nf3+ Kh1 60. Rh2# 1-0

[Event "Florianopolis op 3rd"]
[Site "Florianopolis"]
[Date "2017.01.23"]
[Round "6"]
[White "Montufar Berrios, Lesly Viviane"]
[Black "Gazel Pereira, Frederico"]
[Result "0-1"]
[WhiteElo "1943"]
[BlackElo "2281"]
[PlyCount "100"]
[EventDate "2017.01.20"]
[EventType "swiss"]
[EventRounds "10"]
[EventCountry "BRA"]
[SourceTitle "CBM 176 Extra"]
[Source "ChessBase"]
[SourceDate "2017.03.02"]
[SourceVersion "1"]
[SourceVersionDate "2017.03.02"]
[SourceQuality "1"]

1. e4 c5 2. Nf3 e6 3. d4 cxd4 4. Nxd4 a6 5. Bd3 Qc7 6. Qe2 Nc6 7. Nxc6 bxc6 8. 0-0 e5 9. Nd2 Nf6 10. Nc4 d6 11. f4 Be7 12. h3 Be6 13. fxe5 dxe5 14. Be3 0-0 15. Bf2 Nd7 16. c3 a5 17. Rad1 Nc5 18. Bb1 Qb8 19. Ne3 Na4 20. Rd2 Rd8 21. Rfd1 Rxd2 22. Rxd2 Nxc3 23. Qe1 Nxa2 24. Rc2 Nb4 25. Rc3 Qb5 26. Nf5 Bxf5 27. exf5 Nd5 28. Rc2 Nf6 29. Qc1 e4 30. Rxc6 Qxf5 31. Ba2 Rf8 32. Bc5 Qd7 33. Bb6 Bd8 34. Bf2 Re8 35. Rc3 h6 36. Rg3 Bc7 37. Rc3 Be5 38. Rc5 a4 39. Bc4 Bd4 40. Bb5 Bxf2+ 41. Kxf2 Qd4+ 42. Ke2 Rd8 43. Rc8 Rxc8 44. Qxc8+ Kh7 45. Qf5+ g6 46. Qf1 Qxb2+ 47. Ke3 a3 48. Bc4 Qc3+ 49. Kf4 Nh5+ 50. Kg4 Qg3# 0-1

[Event "Florianopolis op 3rd"]
[Site "Florianopolis"]
[Date "2017.01.23"]
[Round "5"]
[White "Shimamura Silva, Felipe Makoto"]
[Black "Montufar Berrios, Lesly Viviane"]
[Result "0-1"]
[WhiteElo "1418"]
[BlackElo "1943"]
[PlyCount "138"]
[EventDate "2017.01.20"]
[EventType "swiss"]
[EventRounds "10"]
[EventCountry "BRA"]
[SourceTitle "CBM 176 Extra"]
[Source "ChessBase"]
[SourceDate "2017.03.02"]
[SourceVersion "1"]
[SourceVersionDate "2017.03.02"]
[SourceQuality "1"]

1. e4 c5 2. Nf3 d6 3. Bb5+ Bd7 4. Bxd7+ Nxd7 5. 0-0 Ngf6 6. Qe2 e6 7. Rd1 Be7 8. d4 cxd4 9. Nxd4 a6 10. c4 Qc7 11. Nc3 0-0 12. b3 b5 13. Bb2 bxc4 14. bxc4 Rfc8 15. Rac1 Bf8 16. Nb1 Rab8 17. Rc2 Nc5 18. Nd2 Qb7 19. f3 Qb6 20. Kh1 Nh5 21. Qe3 e5 22. N4b3 Nf4 23. Nxc5 Rxc5 24. Nb3 Rd5 25. Qxb6 Rxd1+ 26. Qg1 Rxg1+ 27. Kxg1 Rc8 28. g3 Nd3 29. Ba3 f6 30. Rc3 Nc5 31. Nxc5 dxc5 32. Rd3 Kf7 33. Kf2 Ke6 34. Ke3 g6 35. Rb3 Rc6 36. Rb8 Kf7 37. Kd3 f5 38. Rb7+ Be7 39. Bb2 Rd6+ 40. Ke3 Re6 41. Rc7 Ke8 42. f4 exf4+ 43. gxf4 Rxe4+ 44. Kd3 Rxf4 45. Ra7 Rf2 46. Kc3 Bf6+ 47. Kd3 Bxb2 48. Ra8+ Kf7 49. Ra7+ Ke8 50. Ra8+ Ke7 51. Ra7+ Kf8 52. Rxh7 Bg7 53. h4 Kg8 54. Rxg7+ Kxg7 55. a4 Ra2 56. a5 Rxa5 57. h5 gxh5 58. Ke3 h4 59. Kf3 Ra2 60. Kf4 h3 61. Kxf5 h2 62. Ke4 h1Q+ 63. Ke5 Re2+ 64. Kd6 Qg1 65. Kd5 Qd4+ 66. Kc6 Re6+ 67. Kc7 Qd6+ 68. Kb7 Re7+ 69. Kc8 Qc7# 0-1

[Event "Florianopolis op 3rd"]
[Site "Florianopolis"]
[Date "2017.01.22"]
[Round "4"]
[White "Montufar Berrios, Lesly Viviane"]
[Black "Cardoso, Lucca Pimenta"]
[Result "1/2-1/2"]
[WhiteElo "1943"]
[BlackElo "1671"]
[PlyCount "130"]
[EventDate "2017.01.20"]
[EventType "swiss"]
[EventRounds "10"]
[EventCountry "BRA"]
[SourceTitle "CBM 176 Extra"]
[Source "ChessBase"]
[SourceDate "2017.03.02"]
[SourceVersion "1"]
[SourceVersionDate "2017.03.02"]
[SourceQuality "1"]

1. e4 c5 2. Nf3 e6 3. d4 cxd4 4. Nxd4 a6 5. Bd3 Qc7 6. Qe2 Nc6 7. Nxc6 bxc6 8. e5 Bc5 9. 0-0 Ne7 10. Nd2 d5 11. exd6 Bxd6 12. h3 Nd5 13. Nc4 Be7 14. Ne5 0-0 15. c4 Nf6 16. b3 Bb7 17. Bb2 Rfd8 18. Rad1 a5 19. f4 a4 20. Kh1 Qb6 21. Qc2 h6 22. Bc3 Bb4 23. Bxb4 Qxb4 24. Rb1 a3 25. Qe2 Rd6 26. Rbd1 Rad8 27. Nf3 Nh5 28. Qe1 Qxe1 29. Nxe1 Ng3+ 30. Kg1 Nxf1 31. Kxf1 c5 32. Ke2 Be4 33. Ke3 Bxd3 34. Rxd3 Rxd3+ 35. Nxd3 Rc8 36. Ne1 Kf8 37. Nc2 Ra8 38. Ne1 Ke7 39. Nd3 Rc8 40. Ne1 Kf6 41. Nf3 Rd8 42. Nd2 Ke7 43. g3 Kd7 44. Nb1 Ra8 45. Nc3 Kc6 46. Nb5 Ra5 47. Nc3 Kd6 48. Ne4+ Kc6 49. Nc3 Kd7 50. Ne4 f5 51. Nc3 Ke7 52. Nb1 Kf6 53. Nc3 g6 54. Nb1 e5 55. Nc3 e4 56. Nd5+ Ke6 57. Nc7+ Kf7 58. Nd5 g5 59. g4 Ke6 60. Nc7+ Kf6 61. Nd5+ Ke6 62. Nc7+ Kd7 63. Nd5 fxg4 64. hxg4 gxf4+ 65. Nxf4 Kd6 1/2-1/2

[Event "Florianopolis op 3rd"]
[Site "Florianopolis"]
[Date "2017.01.20"]
[Round "1"]
[White "Cardoso, Marcio de Lucca"]
[Black "Montufar Berrios, Lesly Viviane"]
[Result "1/2-1/2"]
[WhiteElo "1823"]
[BlackElo "1943"]
[PlyCount "67"]
[EventDate "2017.01.20"]
[EventType "swiss"]
[EventRounds "10"]
[EventCountry "BRA"]
[SourceTitle "CBM 176 Extra"]
[Source "ChessBase"]
[SourceDate "2017.03.02"]
[SourceVersion "1"]
[SourceVersionDate "2017.03.02"]
[SourceQuality "1"]

1. e4 c5 2. Nf3 d6 3. d4 cxd4 4. Nxd4 Nf6 5. f3 e5 6. Nb3 d5 7. exd5 Nxd5 8. Bb5+ Nc6 9. Qe2 Qh4+ 10. g3 Qf6 11. Bd2 Bf5 12. Nc3 Ndb4 13. 0-0 Bxc2 14. f4 Bxb3 15. fxe5 Bc5+ 16. Kh1 Qe7 17. axb3 0-0 18. Bxc6 Nxc6 19. Rae1 Rad8 20. Bf4 Nd4 21. Qg4 Qe6 22. Qxe6 Nxe6 23. Rd1 Rxd1 24. Rxd1 Rd8 25. Rxd8+ Nxd8 26. Kg2 Nc6 27. Ne2 Nd4 28. Nc1 Kf8 29. Bd2 Nc6 30. Bc3 Bd4 31. Nd3 Ke7 32. Kf3 Bg1 33. h3 b5 34. b4 1/2-1/2

[Event "South America-ch U16 Girls 13th"]
[Site "Santiago de Chile"]
[Date "2016.12.05"]
[Round "7"]
[White "Montufar Berrios, Lesly Viviane"]
[Black "Pinilla Delgado, Sofia Ignacia"]
[Result "1-0"]
[WhiteElo "1963"]
[BlackElo "1722"]
[PlyCount "51"]
[EventDate "2016.12.01"]
[EventType "swiss"]
[EventRounds "9"]
[EventCountry "CHI"]
[SourceTitle "EXT 2018"]
[Source "ChessBase"]
[SourceDate "2017.10.13"]
[SourceVersion "1"]
[SourceVersionDate "2017.10.13"]
[SourceQuality "1"]

1. e4 e5 2. Nf3 Nc6 3. d4 exd4 4. Nxd4 Nf6 5. Nc3 Bb4 6. Nxc6 bxc6 7. Bd3 h6 8. 0-0 d6 9. h3 0-0 10. Qf3 Nd7 11. Qg3 Qf6 12. f4 Rb8 13. Ne2 Re8 14. a3 Bc5+ 15. Kh1 Bb6 16. Bd2 Qe7 17. Bc3 f6 18. Bc4+ Kh8 19. Rae1 Nc5 20. e5 Nd7 21. e6 Nf8 22. f5 Bb7 23. Nf4 d5 24. Be2 c5 25. Bh5 Red8 26. Bf7 1-0

[Event "South America-ch U16 Girls 13th"]
[Site "Santiago de Chile"]
[Date "2016.12.04"]
[Round "6"]
[White "Montufar Berrios, Lesly Viviane"]
[Black "Encina, Guadalupe"]
[Result "1-0"]
[WhiteElo "1963"]
[BlackElo "1882"]
[PlyCount "89"]
[EventDate "2016.12.01"]
[EventType "swiss"]
[EventRounds "9"]
[EventCountry "CHI"]
[SourceTitle "EXT 2018"]
[Source "ChessBase"]
[SourceDate "2017.10.13"]
[SourceVersion "1"]
[SourceVersionDate "2017.10.13"]
[SourceQuality "1"]

1. e4 c5 2. Nf3 d6 3. d4 cxd4 4. Nxd4 Nf6 5. Nc3 a6 6. h3 e5 7. Nde2 Be6 8. g4 d5 9. g5 Nxe4 10. Nxe4 dxe4 11. Qxd8+ Kxd8 12. Bg2 Bf5 13. Ng3 Bg6 14. Be3 Nc6 15. Bb6+ Ke8 16. Nxe4 Be7 17. h4 h6 18. Rg1 hxg5 19. hxg5 Rh4 20. Nc3 Nb4 21. Nd5 Nxc2+ 22. Ke2 Bd8 23. Rad1 Bh5+ 24. f3 Bxb6 25. Nxb6 Rd8 26. Rxd8+ Kxd8 27. Rd1+ Ke8 28. Rd7 Rh2 29. Kf2 Ne1 30. Kxe1 Rxg2 31. Rxb7 Bxf3 32. Ra7 Rxb2 33. Nc4 Rxa2 34. Nd6+ Kf8 35. Rxf7+ Kg8 36. Rxf3 Kh7 37. Re3 a5 38. Nc4 a4 39. Nxe5 a3 40. Rh3+ Kg8 41. g6 Ra1+ 42. Ke2 Kf8 43. Nc6 Ke8 44. Rd3 Ra2+ 45. Ke3 1-0

[Event "Sao Sebastiao do Paraiso op"]
[Site "Sao Sebastiao do Paraiso"]
[Date "2016.10.23"]
[Round "5"]
[White "Guerreiro, Alexandre Vieira"]
[Black "Montufar Berrios, Lesly Viviane"]
[Result "1-0"]
[WhiteElo "1974"]
[BlackElo "2000"]
[PlyCount "125"]
[EventDate "2016.10.21"]
[EventType "swiss"]
[EventRounds "5"]
[EventCountry "BRA"]
[SourceTitle "CBM 175 Extra"]
[Source "ChessBase"]
[SourceDate "2016.12.12"]
[SourceVersion "1"]
[SourceVersionDate "2016.12.12"]
[SourceQuality "1"]

1. d4 Nf6 2. c4 g6 3. g3 Bg7 4. Bg2 0-0 5. Nc3 d6 6. Nf3 Nbd7 7. 0-0 e5 8. e4 exd4 9. Nxd4 a6 10. h3 Rb8 11. Be3 Ne5 12. b3 c5 13. Nde2 Qc7 14. Rc1 b5 15. cxb5 axb5 16. Nf4 Re8 17. Ncd5 Nxd5 18. Nxd5 Qd8 19. Qc2 Nc6 20. Qd1 b4 21. Bf4 Be6 22. Bxd6 Bg4 23. hxg4 Qxd6 24. g5 Nd4 25. Re1 Red8 26. Qg4 Nb5 27. Qh4 Nc3 28. e5 Qf8 29. Nxc3 bxc3 30. Rxc3 Rd4 31. Qh3 Re8 32. Rce3 Qe7 33. e6 f5 34. gxf6 Bxf6 35. Bc6 Rb8 36. a4 Rdb4 37. Bd5 Rd4 38. Bc4 Rd2 39. R3e2 Rd4 40. a5 Ra8 41. Ra2 Bg5 42. Qg2 Ra7 43. a6 Bd2 44. Re2 Bc3 45. Qf3 Rd1+ 46. Kg2 Bf6 47. Rad2 Rxd2 48. Rxd2 Kg7 49. Qc6 Bd4 50. Rd3 h5 51. b4 h4 52. Rf3 Rc7 53. Qe4 Bf6 54. b5 Rd7 55. Rxf6 Qxf6 56. exd7 hxg3 57. fxg3 Qb2+ 58. Kh3 Qf6 59. Qf4 Qa1 60. Qf7+ Kh6 61. Qf8+ Kh5 62. Be2+ Kg5 63. Qf4# 1-0

[Event "Sao Sebastiao do Paraiso op"]
[Site "Sao Sebastiao do Paraiso"]
[Date "2016.10.23"]
[Round "4"]
[White "Montufar Berrios, Lesly Viviane"]
[Black "Pimentel, Rafael Favarin G"]
[Result "1/2-1/2"]
[WhiteElo "2000"]
[BlackElo "1919"]
[PlyCount "53"]
[EventDate "2016.10.21"]
[EventType "swiss"]
[EventRounds "5"]
[EventCountry "BRA"]
[SourceTitle "CBM 175 Extra"]
[Source "ChessBase"]
[SourceDate "2016.12.12"]
[SourceVersion "1"]
[SourceVersionDate "2016.12.12"]
[SourceQuality "1"]

1. e4 c5 2. Nf3 e6 3. d4 cxd4 4. Nxd4 Nc6 5. Nxc6 bxc6 6. Bd3 Qc7 7. 0-0 Nf6 8. Be3 e5 9. c4 d6 10. Nc3 Be7 11. Be2 0-0 12. c5 Rd8 13. cxd6 Bxd6 14. Qc2 Be6 15. Bg5 Qe7 16. Na4 Rac8 17. Ba6 Rc7 18. Rfd1 Bc8 19. Bf1 Bb7 20. Nc5 h6 21. Bxf6 Qxf6 22. b3 Bc8 23. Rac1 Bf8 24. Rxd8 Qxd8 25. Rd1 Qe7 26. b4 a5 27. a3 1/2-1/2

[Event "Sao Sebastiao do Paraiso op"]
[Site "Sao Sebastiao do Paraiso"]
[Date "2016.10.22"]
[Round "3"]
[White "Leao, Tales Braghini"]
[Black "Montufar Berrios, Lesly Viviane"]
[Result "1/2-1/2"]
[WhiteElo "1966"]
[BlackElo "2000"]
[PlyCount "69"]
[EventDate "2016.10.21"]
[EventType "swiss"]
[EventRounds "5"]
[EventCountry "BRA"]
[SourceTitle "CBM 175 Extra"]
[Source "ChessBase"]
[SourceDate "2016.12.12"]
[SourceVersion "1"]
[SourceVersionDate "2016.12.12"]
[SourceQuality "1"]

1. d4 Nf6 2. Nf3 g6 3. c4 Bg7 4. Nc3 0-0 5. Bg5 d6 6. e3 Nbd7 7. Be2 b6 8. Qc2 c5 9. d5 Rb8 10. Rd1 Ne8 11. 0-0 Ne5 12. Nd2 f5 13. f4 Nf7 14. Bh4 Nf6 15. h3 a6 16. Rfe1 Qc7 17. Nf3 Re8 18. b3 Bd7 19. a4 e5 20. dxe6 Rxe6 21. Ng5 Nxg5 22. fxg5 Ne4 23. Nxe4 Rxe4 24. Bg3 Be5 25. Bxe5 Rxe5 26. Bf3 Bc6 27. Qd3 Re6 28. Bd5 Bxd5 29. Qxd5 Rbe8 30. Rd2 Kg7 31. Rde2 Re5 32. Qd3 Qc6 33. h4 Qe4 34. Qxe4 Rxe4 35. g3 1/2-1/2

[Event "Sao Sebastiao do Paraiso op"]
[Site "Sao Sebastiao do Paraiso"]
[Date "2016.10.21"]
[Round "1"]
[White "De Sousa, Vitor Hugo Campos"]
[Black "Montufar Berrios, Lesly Viviane"]
[Result "0-1"]
[WhiteElo "1572"]
[BlackElo "2000"]
[PlyCount "64"]
[EventDate "2016.10.21"]
[EventType "swiss"]
[EventRounds "5"]
[EventCountry "BRA"]
[SourceTitle "CBM 175 Extra"]
[Source "ChessBase"]
[SourceDate "2016.12.12"]
[SourceVersion "1"]
[SourceVersionDate "2016.12.12"]
[SourceQuality "1"]

1. e4 c5 2. Nf3 d6 3. Nc3 Nf6 4. d4 cxd4 5. Nxd4 a6 6. a4 e5 7. Nf3 Qc7 8. h3 h5 9. Bg5 Nbd7 10. Bd3 b6 11. Qe2 Bb7 12. 0-0 Be7 13. Rfd1 Nc5 14. Bxf6 Bxf6 15. Bc4 Ne6 16. Nd5 Bxd5 17. Bxd5 Nf4 18. Qd2 Rc8 19. Bb3 Ke7 20. Kh2 h4 21. a5 b5 22. Qb4 g5 23. Rd2 Rcd8 24. Rad1 g4 25. hxg4 Rhg8 26. g5 Bxg5 27. Nxe5 Nxg2 28. Nxf7 Bxd2 29. Rxd2 Ne1 30. Rd1 Nf3+ 31. Kh1 Qc8 32. Ng5 Rxg5 0-1

[Event "Goiania Goias Cup"]
[Site "Goiania"]
[Date "2016.10.16"]
[Round "5"]
[White "Di Simoni, Rafaela Moura"]
[Black "Montufar Berrios, Lesly Viviane"]
[Result "1/2-1/2"]
[WhiteElo "1412"]
[BlackElo "2000"]
[PlyCount "107"]
[EventDate "2016.10.14"]
[EventType "swiss"]
[EventRounds "6"]
[EventCountry "BRA"]
[SourceTitle "CBM 175 Extra"]
[Source "ChessBase"]
[SourceDate "2016.12.12"]
[SourceVersion "1"]
[SourceVersionDate "2016.12.12"]
[SourceQuality "1"]

1. e4 c5 2. d4 cxd4 3. c3 Nf6 4. e5 Nd5 5. cxd4 e6 6. Nf3 Nc6 7. Bc4 Nb6 8. Bb3 d6 9. exd6 Bxd6 10. 0-0 0-0 11. Be3 h6 12. Nc3 Ne7 13. Ne4 Bb8 14. Rc1 Nbd5 15. Nc3 b6 16. Nxd5 Nxd5 17. Ba4 Bb7 18. a3 Qd6 19. Bc2 Nxe3 20. fxe3 Bxf3 21. Qxf3 Qxh2+ 22. Kf2 Qh4+ 23. Ke2 Bd6 24. Be4 Rad8 25. Rc2 Qg5 26. Rh1 f5 27. Bd3 e5 28. dxe5 Bxe5 29. Rh5 Qg6 30. Rxf5 Rxf5 31. Bxf5 Qd6 32. Qe4 Qd1+ 33. Kf2 Bf6 34. g3 Qh5 35. Kg2 Qd1 36. Kf2 Rd2+ 37. Rxd2 Qxd2+ 38. Kf3 Qd1+ 39. Kf2 Qd8 40. b3 Kf8 41. g4 Bh4+ 42. Ke2 Be7 43. Qe6 Qd6 44. Qc8+ Kf7 45. Qc4+ Kf6 46. Qc3+ Kf7 47. Qc4+ Kf6 48. Qc3+ Kf7 49. Qc4+ Kf6 50. Qc3+ Qe5 51. Qc6+ Bd6 52. a4 Qh2+ 53. Kd3 h5 54. Qe8 1/2-1/2

[Event "Goiania Goias Cup"]
[Site "Goiania"]
[Date "2016.10.16"]
[Round "6"]
[White "Montufar Berrios, Lesly Viviane"]
[Black "Juliani, Sidney"]
[Result "1-0"]
[WhiteElo "2000"]
[BlackElo "1894"]
[PlyCount "123"]
[EventDate "2016.10.14"]
[EventType "swiss"]
[EventRounds "6"]
[EventCountry "BRA"]
[SourceTitle "CBM 175 Extra"]
[Source "ChessBase"]
[SourceDate "2016.12.12"]
[SourceVersion "1"]
[SourceVersionDate "2016.12.12"]
[SourceQuality "1"]

1. e4 c5 2. Nf3 e6 3. d4 cxd4 4. Nxd4 a6 5. Bd3 Nc6 6. Nxc6 bxc6 7. 0-0 g6 8. Be3 Bg7 9. Qc1 Rb8 10. c3 Ne7 11. Na3 0-0 12. Bh6 d5 13. Bxg7 Kxg7 14. b3 Qd6 15. Nc2 f5 16. exf5 Nxf5 17. Bxf5 Rxf5 18. Ne3 Rh5 19. f4 e5 20. Nd1 Be6 21. Qe3 c5 22. fxe5 Qxe5 23. Qxe5+ Rxe5 24. Nb2 Bf5 25. Rfe1 Rbe8 26. Kf2 Be4 27. Na4 d4 28. cxd4 cxd4 29. Rad1 d3 30. Nc3 Bf5 31. Rxe5 Rxe5 32. Rd2 Rc5 33. Na4 Rc2 34. Ke3 Rc6 35. Nb2 Re6+ 36. Kd4 Rd6+ 37. Kc5 Rd8 38. h3 Be4 39. g3 Rd5+ 40. Kc4 Rg5 41. Kd4 Bc6 42. Rxd3 Rd5+ 43. Ke3 Re5+ 44. Kd2 Bg2 45. h4 Bf1 46. Re3 Rf5 47. Kc3 Rc5+ 48. Nc4 Rf5 49. a3 g5 50. hxg5 Rxg5 51. Nd2 Bb5 52. Ne4 Re5 53. Kd4 Re6 54. Nc3 Rd6+ 55. Ke5 Rb6 56. Nxb5 Rxb5+ 57. Kd4 Kf6 58. b4 h5 59. Kc4 Kf5 60. a4 Rb8 61. b5 axb5+ 62. axb5 1-0

[Event "Goiania Goias Cup"]
[Site "Goiania"]
[Date "2016.10.15"]
[Round "3"]
[White "De Paula, Guilherme Bueno"]
[Black "Montufar Berrios, Lesly Viviane"]
[Result "1-0"]
[WhiteElo "1857"]
[BlackElo "2000"]
[PlyCount "145"]
[EventDate "2016.10.14"]
[EventType "swiss"]
[EventRounds "6"]
[EventCountry "BRA"]
[SourceTitle "CBM 175 Extra"]
[Source "ChessBase"]
[SourceDate "2016.12.12"]
[SourceVersion "1"]
[SourceVersionDate "2016.12.12"]
[SourceQuality "1"]

1. d4 Nf6 2. c4 g6 3. Nc3 Bg7 4. e4 d6 5. Be2 0-0 6. Bg5 h6 7. Be3 e5 8. d5 a5 9. h3 Na6 10. Qd2 Kh7 11. g4 Ng8 12. Bd3 Nb4 13. Bb1 Bd7 14. Nge2 Qh4 15. Ng3 Ne7 16. a3 Na6 17. b3 Nc5 18. Bxc5 dxc5 19. Bc2 Nc8 20. a4 Bf6 21. Kf1 Bg5 22. Qe2 Nd6 23. Kg2 Rae8 24. Nd1 f5 25. exf5 gxf5 26. Ne3 e4 27. Nexf5 Bxf5 28. Nxf5 Nxf5 29. gxf5 Rxf5 30. f3 Kh8 31. Bxe4 Bf6 32. Rad1 Bd4 33. Rxd4 cxd4 34. Qd3 Qg5+ 35. Kf2 Qh4+ 36. Kg2 Rg5+ 37. Kf1 Qf4 38. Qxd4+ Qe5 39. Qxe5+ Rgxe5 40. Rg1 Rg5 41. Rg4 Rxg4 42. hxg4 b6 43. Kf2 Kg7 44. Kg3 Kf6 45. Kf4 Rf8 46. Bf5 Re8 47. Be6 Re7 48. Ke4 c6 49. f4 cxd5+ 50. cxd5 Re8 51. g5+ hxg5 52. fxg5+ Kxg5 53. Ke5 Rh8 54. d6 Rh1 55. d7 Rh8 56. Bf7 Ra8 57. Ke6 Kh6 58. Ke7 Kg7 59. Bd5 Ra7 60. Ke8 Rxd7 61. Kxd7 b5 62. axb5 a4 63. bxa4 Kg6 64. b6 Kg5 65. b7 Kf4 66. b8Q+ Ke3 67. Qe5+ Kd3 68. Kd6 Kc2 69. Qe3 Kb1 70. Qd2 Ka1 71. Bb3 Kb1 72. Qa2+ Kc1 73. Qc2# 1-0

[Event "BRA-ch U16 Girls"]
[Site "Itajai"]
[Date "2016.06.12"]
[Round "6"]
[White "Kikuchi Cadilhac, Mariana Sawae"]
[Black "Montufar Berrios, Lesly Viviane"]
[Result "1/2-1/2"]
[WhiteElo "1474"]
[BlackElo "2038"]
[PlyCount "27"]
[EventDate "2016.06.09"]
[EventType "swiss"]
[EventRounds "6"]
[EventCountry "BRA"]
[SourceTitle "CBM 172 Extra"]
[Source "ChessBase"]
[SourceDate "2016.06.21"]
[SourceVersion "1"]
[SourceVersionDate "2016.06.21"]
[SourceQuality "1"]

1. e4 c5 2. Nc3 d6 3. g3 Nc6 4. Bg2 g6 5. d3 Bg7 6. f4 e6 7. Nf3 Nge7 8. 0-0 0-0 9. Be3 Rb8 10. Rb1 b6 11. Bf2 d5 12. Re1 Bb7 13. e5 a6 14. h3 1/2-1/2

[Event "Goiania op"]
[Site "Goiania"]
[Date "2016.05.13"]
[Round "2"]
[White "Montufar Berrios, Lesly Viviane"]
[Black "Santos, Wellington"]
[Result "1-0"]
[WhiteElo "2006"]
[BlackElo "1552"]
[PlyCount "49"]
[EventDate "2016.05.13"]
[EventType "swiss"]
[EventRounds "6"]
[EventCountry "BRA"]
[SourceTitle "CBM 172 Extra"]
[Source "ChessBase"]
[SourceDate "2016.06.21"]
[SourceVersion "1"]
[SourceVersionDate "2016.06.21"]
[SourceQuality "1"]

1. e4 e5 2. Nf3 Nc6 3. d4 exd4 4. Nxd4 Qf6 5. Nxc6 Qxc6 6. Bd3 Bc5 7. 0-0 Ne7 8. Nc3 a6 9. Bg5 0-0 10. Nd5 Ng6 11. b4 Bd6 12. c4 f6 13. Be3 b5 14. c5 Be5 15. Rc1 Qe6 16. f4 Bb2 17. Rb1 Be5 18. fxe5 Qc6 19. exf6 gxf6 20. Bd4 Kg7 21. Nxf6 Rf7 22. Nxh7+ Kg8 23. Rxf7 Kxf7 24. Ng5+ Ke8 25. Qf3 1-0

[Event "Sao Paulo op-A U2300 4th"]
[Site "Sao Paulo"]
[Date "2016.03.27"]
[Round "7"]
[White "Awoki, Daniel Teidi"]
[Black "Montufar Berrios, Lesly Viviane"]
[Result "1-0"]
[WhiteElo "2111"]
[BlackElo "1897"]
[PlyCount "131"]
[EventDate "2016.03.24"]
[EventType "swiss"]
[EventRounds "7"]
[EventCountry "BRA"]
[SourceTitle "CBM 171 Extra"]
[Source "ChessBase"]
[SourceDate "2016.04.26"]
[SourceVersion "1"]
[SourceVersionDate "2016.04.26"]
[SourceQuality "1"]

1. e4 c5 2. Nf3 d6 3. d4 cxd4 4. Nxd4 Nf6 5. Nc3 a6 6. Be3 e5 7. Nb3 Be6 8. Qd2 Be7 9. 0-0-0 0-0 10. f4 Ng4 11. Kb1 Nxe3 12. Qxe3 exf4 13. Qxf4 Nc6 14. Nd5 Bg5 15. Qg3 a5 16. Nc1 Nb4 17. Nxb4 axb4 18. Nb3 Qf6 19. Be2 Bf4 20. Qf3 Qe5 21. Qd3 Ra7 22. g3 Bg5 23. Qxd6 Qxe4 24. Bd3 Qc6 25. Qxb4 Rfa8 26. a3 Ra4 27. Qb5 Qxb5 28. Bxb5 Bxb3 29. cxb3 Re4 30. Rd7 Rb8 31. Bc4 Bf6 32. Rxf7 Rxc4 33. Rxf6 gxf6 34. bxc4 Re8 35. Kc2 Re2+ 36. Kc3 Kf7 37. b3 Kg6 38. Kb4 Kg5 39. a4 Kg4 40. Kb5 Kh3 41. Rf1 Kxh2 42. Rxf6 Kxg3 43. Rf7 h5 44. Rxb7 h4 45. Rg7+ Kf2 46. Rh7 Kg3 47. a5 h3 48. a6 h2 49. a7 Re7 50. a8Q Rxh7 51. Qg8+ Kf2 52. Qxh7 Kg1 53. c5 h1Q 54. Qxh1+ Kxh1 55. c6 Kg2 56. c7 Kf3 57. c8Q Ke4 58. Qd7 Ke5 59. Kc5 Ke4 60. Qd4+ Kf5 61. Kd6 Kg6 62. Ke6 Kg5 63. Qe4 Kh6 64. Qg2 Kh7 65. Kf6 Kh8 66. Qg7# 1-0